000 00798nam a2200253 i 4500
001 69182
003 ES-MaACL
005 20230906170445.0
007 t|
008 040916s2002 gw ||||1| spa d
020 _a3-929879-40-9
080 _a811.134.2(076.1)
100 1 _aMartínez Calleja, Pablo.
_977911
245 1 3 _aLa loca historia de Hans y Petra /
_cPablo Martínez Calleja y Sonsoles Cerviño López.
250 _a1ª ed.
260 _aMünchen :
_bLagrev Verlag,
_c2002.
300 _a77 p. :
_bil. ;
_c21 cm.
490 1 _aLeer por leer ;
_v1
650 1 4 _aLengua española-
_vEjercicios prácticos.
_914149
700 1 _aCerviño López, Sonsoles.
_937666
830 0 _aLeer por leer ;
_v1
_9230986
852 _aES-MaACL
_j2179-F-22
_bR.133178
999 _c69182
_d69182